00491nam a22001457a 4500008004100000020001900041040005500060080001800115245005300133260006500186300001500251650002400266653003000290700002500320230316b |||||||| |||| 00| 0 eng d a2-88124-800-4  aNational Science LibrarycNational Science Library aD 59.681bN1  aRecent developments in mathematical programming  aPhiladelphia: bGordon and Breach Science Publisher, c1991  axi, 457p.  aRecent development  aMathematical programming  aKumar, Santosh (Ed.)